Normal view
MARC view
Entry Personal Name
001 - CONTROL NUMBER
- control field: 42523
003 - CONTROL NUMBER IDENTIFIER
- control field: ARRUPE
005 - DATE AND TIME OF LATEST TRANSACTION
- control field: 20180924122734.0
008 - FIXED-LENGTH DATA ELEMENTS
- fixed length control field: 180924|| aca||aabn | a|a d
040 ## - CATALOGING SOURCE
- Original cataloging agency: ARRUPE
- Transcribing agency: ARRUPE
100 ## - HEADING--PERSONAL NAME
- Personal name: Maliyamkono, T. L.
670 ## - SOURCE DATA FOUND
- Source citation: Work cat.: (ARRUPE)0: Kahama, C. George. 42521, The challenge for Tanzania's economy /, 1986.